Central Library OPAC University of Rajshahi
Normal view MARC view

Entry Uniform Title

Number of records used in: 2

001 - CONTROL NUMBER

  • control field: 7931

003 - CONTROL NUMBER IDENTIFIER

  • control field: BD-RjUL

005 - DATE AND TIME OF LATEST TRANSACTION

  • control field: 20230620145134.0

008 - FIXED-LENGTH DATA ELEMENTS

  • fixed length control field: 230620|| aca||aabn | a|a d

040 ## - CATALOGING SOURCE

  • Original cataloging agency: BD-RjUL
  • Transcribing agency: BD-RjUL

130 ## - HEADING--UNIFORM TITLE

  • Uniform title: মুক্তধারা

670 ## - SOURCE DATA FOUND

  • Source citation: Work cat.: (BD-RjUL)37860: চট্রোপাধ্যায়, বঙ্কিমচন্দ্র 117295, কৃষ্ণকান্তের উইল /, ১৯৮১